书目信息 |
| 题名: |
大学物理实验
|
|
| 作者: | 季诚响 , 肖昱 主编 | |
| 分册: | ||
| 出版信息: | 北京 国防工业出版社 2007.09 |
|
| 页数: | 231页 | |
| 开本: | 26cm | |
| 丛书名: | ||
| 单 册: | ||
| 中图分类: | O4-33 | |
| 科图分类: | ||
| 主题词: | 物理学--wu li xue--实验--高等学校--教材 | |
| 电子资源: | ||
| ISBN: | 978-7-118-05309-8 | |
| 000 | 00918nam0 2200253 450 | |
| 001 | 012007532984 | |
| 005 | 20071228134618.50 | |
| 010 | @a978-7-118-05309-8@dCNY28.00 | |
| 100 | @a20071228d2007 km y0chiy0120 ea | |
| 101 | 0 | @achi |
| 102 | @aCN@b110000 | |
| 105 | @aa a 000yy | |
| 106 | @ar | |
| 200 | 1 | @a大学物理实验@Ada xue wu li shi yan@f季诚响, 肖昱主编@Fji cheng xiang,xiao yu zhu bian |
| 210 | @a北京@c国防工业出版社@d2007.09 | |
| 215 | @a231页@c图@d26cm | |
| 320 | @a有书目 (第231页)。 | |
| 330 | @a本书共分6章,第1章是物理实验的基础知识:第2章是预备性实验:第3章为基础性实验:第4章为近代综合实验:第5章为设计性实验:第6章专门介绍了MATLAB语言以及对实验数据的数学处理方法。 | |
| 606 | 0 | @a物理学@Awu li xue@x实验@x高等学校@j教材 |
| 690 | @aO4-33@v4 | |
| 701 | 0 | @a季诚响@Aji cheng xiang@4主编 |
| 701 | 0 | @a肖昱@Axiao yu@4主编 |
| 801 | 0 | @aCN@bQSSK@c20071228 |
| 905 | @b273798-800@dO4-33@eJ171@f3 | |
| 大学物理实验/季诚响, 肖昱主编.-北京:国防工业出版社,2007.09 |
| 231页:图;26cm |
| ISBN 978-7-118-05309-8:CNY28.00 |
| 本书共分6章,第1章是物理实验的基础知识:第2章是预备性实验:第3章为基础性实验:第4章为近代综合实验:第5章为设计性实验:第6章专门介绍了MATLAB语言以及对实验数据的数学处理方法。 |
| ● |
| 相关链接 |
|
|
|
正题名:大学物理实验
索取号:O4-33/J171
 
预约/预借
| 序号 | 登录号 | 条形码 | 馆藏地/架位号 | 状态 | 备注 |
| 1 | 273798 | 202737985 | 自科库401/401自科库 55排7列1层/ [索取号:O4-33/J171] | 在馆 | |
| 2 | 273799 | 202737994 | 自科库401/401自科库 55排7列1层/ [索取号:O4-33/J171] | 在馆 | |
| 3 | 273800 | 202738001 | 自科库401/401自科库 55排7列1层/ [索取号:O4-33/J171] | 在馆 |